Entry Personal Name
Number of records used in: 1
001 - CONTROL NUMBER
003 - CONTROL NUMBER IDENTIFIER
005 - DATE AND TIME OF LATEST TRANSACTION
- control field:
20210702121725.0
008 - FIXED-LENGTH DATA ELEMENTS
- fixed length control field:
771013n| acannaab| |n aaa |||
010 ## - LIBRARY OF CONGRESS CONTROL NUMBER
- LC control number:
n 77010587
040 ## - CATALOGING SOURCE
- Original cataloging agency:
DLC
- Transcribing agency:
DLC
- Modifying agency:
DLC
100 10 - HEADING--PERSONAL NAME
- Personal name:
Croom, Fred H.,
- Dates associated with a name:
1941-
670 ## - SOURCE DATA FOUND
- Source citation:
His Basic concepts ... c1977:
- Information found:
t.p. (Fred H. Croom) CIP data sheet (Frederick Hailey Croom, b. 8/6/41)
670 ## - SOURCE DATA FOUND
- Source citation:
His Principles of topology, c1988:
- Information found:
CIP t.p. (Fred H. Croom)